LEADER 01067nam0 22002771i 450 001 UON00023183 005 20231205102028.83 100 $a20020107d1995 |0itac50 ba 101 $aita 102 $aIT 105 $a||||2 ||||| 200 1 $aCarteggio Angelo De Gubernatis$b49 lettere autografe] di Giuseppe Aurelio Costanzo] 210 $a[s.n.b.] 215 $afilmin 300 $apresso la Biblioteca Nazionale Centrale di Firenze Cassetta 32, n. 6 620 $aIT$dFirenze$3UONL000052 686 $aFILMINA$2A 702 1$aCOSTANZO$bGiuseppe Aurelio$3UONV015623 702 1$aDe Gubernatis$bAngelo$cconte$3UONV002056 712 $aBiblioteca Nazionale Centrale (Firenze)$3UONV247887$4650 801 $aIT$bSOL$c20240220$gRICA 899 $aSIBA - SISTEMA BIBLIOTECARIO DI ATENEO$2UONSI 912 $aUON00023183 950 $aSIBA - SISTEMA BIBLIOTECARIO DI ATENEO$dSI MICRO FILM 038 $eSI SA 82005 5 038 996 $aCarteggio Angelo De Gubernatis$91146408 997 $aUNIOR LEADER 01047nam0 22002651i 450 001 UON00415993 005 20231205104800.863 100 $a20130110d1967 |0itac50 ba 101 $aeng 102 $aGB 105 $a|||| 1|||| 200 1 $aImages & themes in five poems by Milton$fRosemond Tuve 210 $aCambridge$cHarvard University$d1967 215 $a161 p.$d22 cm. 606 $aMILTON JOHN$3UONC039930$2FI 620 $dCambridge$3UONL000022 676 $a820.09$cLetteratura inglese e in antico inglese. Storia, descrizione, studi critici$v21 700 1$aTUVE$bRosemond$3UONV171871$0132521 712 $aHarvard University Press$3UONV245793$4650 801 $aIT$bSOL$c20250620$gRICA 899 $aSIBA - SISTEMA BIBLIOTECARIO DI ATENEO$2UONSI 912 $aUON00415993 950 $aSIBA - SISTEMA BIBLIOTECARIO DI ATENEO$dSI Angl III B 0155 $eSI SI 4859 5 0155 $sBuono 996 $aImages & themes in five poems by Milton$9166023 997 $aUNIOR